LEADER 01785nam1-2200433---450- 001 990001819680203316 005 20090225171541.0 035 $a000181968 035 $aUSA01000181968 035 $a(ALEPH)000181968USA01 035 $a000181968 100 $a20040705d2003----km-y0enga50------ba 101 0 $aeng 102 $aUS 105 $ay|||z|||001yy 200 1 $aAfrican American political thought$fedited with introductions by Marcus D. Pohlmann 210 $aNew York [etc.]$cRoutledge$d2003- 215 $av.$d24 cm. 463 \1$1001990000453500203316$12001 $a<> Confrontation vs. compromise$ethe colonial period to 1945 463 \1$1001990001119160203316$12001 $a<> Capitalism vs. cillectivism$ethe colonial period to 1945 463 \1$1001990001151830203316$12001 $a<> Confrontation vs. compromise$e1945 to the present 463 \1$1001990002046400203316$12001 $a<> Integration vs. separatism$ethe colonial period to 1945 463 \1$1001990002051530203316$12001 $a<> Capitalism vs. collectivism$e1945 to the present 463 \1$1001990002090670203316$12001 $a<> Integration vs. separatism$e1945 to the present 606 0 $aAfricani e americani$xPolitica 606 0 $aAfricani e americani$xGoverno 676 $a305.896 702 1$aPOHLMANN,$bMarcus D. 801 0$aIT$bsalbc$gISBD 912 $a990001819680203316 951 $a305.896 AFR 1/ (ISP IV 1211/)$bG.$cISP IV 959 $aBK 969 $aECO 979 $aACQUISTI$b10$c20040705$lUSA01$h1107 979 $aRENATO$b90$c20041122$lUSA01$h1224 979 $aRSIAV1$b90$c20090225$lUSA01$h1712 979 $aRSIAV1$b90$c20090225$lUSA01$h1715 996 $aAfrican American political thought$9950672 997 $aUNISA LEADER 01316nam0-2200349---450 001 990000924990203316 005 20220607103208.0 010 $a88-13-19691-1 035 $a0092499 035 $aUSA010092499 035 $a(ALEPH)000092499USA01 035 $a0092499 100 $a20020130d1996----km-y0ITAy01------ba 101 $aita 102 $aIT 105 $a||||||||001yy 200 1 $aDominio pubblico e impresa nella gestione dei servizi idrici$el'esperienza in Gran Bretagna e le prospettive in Italia$fMaria Giulia Roversi Monaco 210 $aPadova$cCEDAM$d1996 215 $aIX, 209 p$d24 cm 225 2 $aUniversità di Bologna, Dipartimento di discipline giuridiche dell'economia e dell'azienda$iN. S$v6 410 $12001$aUniversità di Bologna, Dipartimento di discipline giuridiche dell'economia e dell'azienda$iN. S$v6 606 0 $aAziende di erogazione pubbliche$yItalia$xPrivatizzazione 606 0 $aAziende di erogazione pubbliche$yGran Bretagna$xPrivatizzazione 676 $a343.45253 700 1$aROVERSI MONACO,$bMaria Giulia$0498429 801 0$aIT$bsalbc$gISBD 912 $a990000924990203316 951 $aX 2 XVII 6$b10494 G$cX 2 XVII 959 $aBK 969 $aGIU 996 $aDominio pubblico e impresa nella gestione dei servizi idrici$9971332 997 $aUNISA LEADER 01642nam0 22003733i 450 001 VAN0243051 005 20220909105630.633 017 70$2N$a9783319034676 100 $a20220315d2015 |0itac50 ba 101 $aeng 102 $aCH 105 $a|||| ||||| 200 1 $aFlame Retardants$ePolymer Blends, Composites and Nanocomposites$feditors P. M. Visakh, Yoshihiko Arao 210 $aCham$cSpringer$d2015 215 $aXI, 314 p.$cill.$d24 cm 410 1$1001VAN0108427$12001 $aEngineering Materials$1210 $aCham$cSpringer$d2000- 620 $aCH$dCham$3VANL001889 676 $a621.4021$cIngegneria termica. Termodinamica$v22 676 $a620.192$cPolimeri$v22 676 $a620.5$cNanotecnologia$v22 676 $a620.1$cScienze dei materiali$v22 702 1$aArao$bYoshihiko$3VANV197786 702 1$aVisakh$bP. M.$3VANV094663 712 $aSpringer $3VANV108073$4650 790 1$aVisakh, P.M.$zVisakh, P. M.$3VANV201049 790 1$aP.M., Visak$zVisakh, P. M.$3VANV214688 801 $aIT$bSOL$c20240614$gRICA 856 4 $uhttps://rd.springer.com/book/10.1007/978-3-319-03467-6$zE-book - Accesso al full-text attraverso riconoscimento IP di Ateneo, proxy e/o Shibboleth 899 $aBIBLIOTECA DEL DIPARTIMENTO DI SCIENZE E TECNOLOGIE AMBIENTALI BIOLOGICHE E FARMACEUTICHE$1IT-CE0101$2VAN17 912 $fN 912 $aVAN0243051 950 $aBIBLIOTECA DEL DIPARTIMENTO DI SCIENZE E TECNOLOGIE AMBIENTALI BIOLOGICHE E FARMACEUTICHE$d17CONS e-book 2219 $e17BIB2219/263 263 20220315 996 $aFlame Retardants$91919604 997 $aUNICAMPANIA LEADER 01114nam0 22002773i 450 001 VAN00246549 005 20240806101406.682 010 $a978-88-17-04967-2 100 $a20220531d2011 |0itac50 ba 101 $aita 102 $aIT 105 $a|||| ||||| 200 1 $aˆLa ‰follia dell'Occidente$ecome cinquant'anni di decisioni sbagliate hanno distrutto la nostra economia$fDambisa Moyo$gtraduzione di Francesco Peri 210 $a[Milano]$cRizzoli$d2011 215 $a321 p.$d23 cm 500 1$3VAN00246552$aHow the West was lost$92983573 620 $dMilano$3VANL000284 700 1$aMoyo$bDambisa$3VANV201714$0437497 702 1$aPeri$bFrancesco$f1980- $3VANV088748$4730 712 $aRizzoli $3VANV108159$4650 801 $aIT$bSOL$c20260213$gRICA 899 $aBIBLIOTECA DEL DIPARTIMENTO DI GIURISPRUDENZA$1IT-CE0105$2VAN00 912 $aVAN00246549 950 $aBIBLIOTECA DEL DIPARTIMENTO DI GIURISPRUDENZA$d00CONS XXV.10 $e00UBG7259 20220531 $sBuono 996 $aHow the West was lost$92983573 997 $aUNICAMPANIA